[Event "Druzynowe Mistrzostwa Polski II Liga"]
[Site "Szklarska Poreba"]
[Date "1899-12-30"]
[Round "7.66"]
[White "Wierzbowska, Aleksandra"]
[Black "Baranska, Monika"]
[Result "1/2-1/2"]
[WhiteTitle "I+"]
[BlackTitle "I++"]
[WhiteElo "1694"]
[BlackElo "1735"]

1. d4 d5 2. c4 e6 3. Nf3 c6 4. e3 Nf6 5. Nc3 Be7 6. Bd3 O-O 7. e4 dxe4 8. Nxe4
Nxe4 9. Bxe4 Nd7 10. O-O Nf6 11. Bc2 b5 12. c5 Nd5 13. Ne5 Qc7 14. Qh5 f5 15.
f4 Bf6 16. Rf3 Bxe5 17. dxe5 Qf7 18. Qh4 a5 19. Rh3 g6 20. a4 b4 21. Bb3 Ba6 22.
Bxd5 cxd5 23. Be3 Rac8 24. Bd4 Rc6 25. Re1 Rc7 26. Ree3 Qe7 27. Qh6 Qg7 28. Qh4
Qe7 29. Qh6 Qg7 30. Qh4 Qe7 31. Qh6 Qg7 1/2-1/2

[Event "Druzynowe Mistrzostwa Polski II Liga"]
[Site "Szklarska Poreba"]
[Date "1899-12-30"]
[Round "7.67"]
[White "Ustianovich, Nazar"]
[Black "Nowicki, Bartosz"]
[Result "1/2-1/2"]
[WhiteTitle "FM"]
[BlackTitle "k++"]
[WhiteElo "2382"]
[BlackElo "2261"]

1. d4 f5 2. c4 Nf6 3. Nc3 g6 4. h4 Bg7 5. h5 Nxh5 6. Rxh5 gxh5 7. e4 O-O 8. Qxh5
Nc6 9. d5 Nd4 10. Bd3 e6 11. Be3 Qe8 12. Qh2 d6 13. exf5 exf5 14. O-O-O Qe5 15.
g3 c5 16. dxc6 bxc6 17. Bxd4 Qxd4 18. Bxf5 Qxd1+ 19. Nxd1 Bxf5 20. Ne3 Be6 21.
Ne2 d5 22. Nf4 Rae8 23. b3 d4 24. Nc2 Bf5 25. Kd2 Re5 26. Nb4 Be4 27. Qh3 a5 28.
Nbd3 Ref5 29. Qg4 R8f7 30. Qh4 Bf6 31. Qg4+ Rg7 32. Qe2 Re7 33. Qg4+ Rg5 34. Qc8+
Kf7 35. Qb8 h5 36. Qd6 h4 37. gxh4 Rg4 38. Kd1 Rxh4 39. Qc5 Bf3+ 40. Kd2 Rh1 41.
Qxa5 Rg1 42. b4 Rg5 43. Qa8 Rf5 44. Qc8 Be4 45. Qb8 Bg5 46. Kd1 Bf6 47. Qc8 Bxd3
48. Nxd3 Rf3 49. Nc5 Rxf2 50. Qxc6 Rxa2 51. Ne4 Be5 52. Nd6+ Bxd6 1/2-1/2

[Event "Druzynowe Mistrzostwa Polski II Liga"]
[Site "Szklarska Poreba"]
[Date "1899-12-30"]
[Round "7.69"]
[White "Bielczyk, Jacek"]
[Black "Suliborski, Jakub"]
[Result "1/2-1/2"]
[WhiteTitle "IM"]
[BlackTitle "I++"]
[WhiteElo "2291"]
[BlackElo "2090"]

1. e4 e6 2. d4 d5 3. Nc3 Bb4 4. Qd3 Nf6 5. e5 Ne4 6. a3 Bxc3+ 7. bxc3 c5 8. Ne2
h6 9. f3 Ng5 10. Ng3 Nc6 11. f4 Ne4 12. Nxe4 dxe4 13. Qxe4 cxd4 14. cxd4 Qxd4
15. Qxd4 Nxd4 16. Bd3 Bd7 17. Be3 Nf5 18. Bxf5 exf5 19. O-O-O Bc6 20. Rd2 O-O
21. Bd4 a6 22. Re1 Be4 23. Re3 Rfd8 24. g3 Rac8 25. Rc3 Rxc3 26. Bxc3 Rxd2 27.
Kxd2 Kf8 28. Bb4+ Ke8 29. c3 h5 30. Ke3 Kd7 31. Kd4 g6 1/2-1/2

[Event "Druzynowe Mistrzostwa Polski II Liga"]
[Site "Szklarska Poreba"]
[Date "1899-12-30"]
[Round "7.70"]
[White "Parol, Pola"]
[Black "Musial, Tomasz"]
[Result "0-1"]
[WhiteTitle "k+"]
[BlackTitle "I++"]
[WhiteElo "1968"]
[BlackElo "1985"]

1. e4 e6 2. d4 d5 3. Nc3 Nf6 4. Bg5 dxe4 5. Nxe4 Be7 6. Bxf6 gxf6 7. Nf3 f5 8.
Nc3 a6 9. Qe2 b5 10. O-O-O Bb7 11. d5 Qd6 12. Nxb5 axb5 13. Qxb5+ Nd7 14. dxe6
Qxe6 15. Qxb7 Qxa2 16. Bb5 O-O 17. c3 Rfb8 18. Qc6 Rxb5 19. Qxb5 Rb8 20. Qxb8+
Nxb8 21. Nd4 Bg5+ 22. Kc2 Qa4+ 23. Kb1 Nc6 24. Rhe1 Nxd4 25. Rxd4 Qc6 26. f3 Bf6
27. Rd3 Qb5 28. Kc2 Qa4+ 29. Kb1 Kg7 30. g3 c5 31. f4 Qc6 32. Re2 Qh1+ 33. Kc2
Qa1 34. Rd5 Qa4+ 35. Kc1 Bxc3 36. Rxc5 Qa1+ 37. Kc2 Bxb2 38. Rb5 Qc1+ 39. Kb3
Qc3+ 40. Ka2 Qc4+ 0-1

[Event "Druzynowe Mistrzostwa Polski II Liga"]
[Site "Szklarska Poreba"]
[Date "1899-12-30"]
[Round "7.71"]
[White "Kmak, Wieslaw"]
[Black "Zychowicz, Marcin"]
[Result "1/2-1/2"]
[WhiteTitle "I"]
[BlackTitle "II+"]
[WhiteElo "1867"]
[BlackElo "1857"]

1. d4 Nf6 2. Nf3 c5 3. e3 e6 4. Bd3 Be7 5. O-O O-O 6. Nbd2 Nc6 7. b3 b6 8. Bb2
d6 9. c4 Bb7 10. Rc1 Qc7 11. Qe2 Rfe8 12. Bb1 h6 13. a3 e5 14. d5 Nb8 15. Qd3
Nbd7 16. Nh4 Nf8 17. Nf5 Bd8 18. Ne4 Nxe4 19. Qxe4 Bc8 20. f4 Bf6 21. Ng3 Qe7
22. f5 Bh4 23. Nh5 Qg5 24. Nxg7 Kxg7 25. Rf4 Qf6 26. Rxh4 Bxf5 27. Qxf5 Qxh4 28.
Rf1 Re7 29. g3 Qg5 30. Qe4 Kg8 31. Rf5 Qg7 32. Qh4 Ng6 33. Qh3 Kh7 34. Rh5 Rh8
35. g4 Kg8 36. g5 Nf8 37. Qg4 Nh7 38. Qc8+ Qf8 39. Qxf8+ Nxf8 40. gxh6 f6 41.
Bf5 Kf7 42. e4 Ke8 43. Bc1 Nh7 44. Kf2 Kd8 45. Rh3 Rg8 46. Rf3 a6 47. a4 Kc7 48.
h4 b5 49. Bd2 Kb6 50. Bxh7 Rxh7 51. Rxf6 Kc7 52. axb5 axb5 53. Ba5+ Kd7 54. cxb5
Ra8 55. Bd2 Rb8 56. Rg6 Rxb5 57. Rg7+ Rxg7 58. hxg7 Rb8 59. h5 Ke7 60. h6 Kf7
61. Bg5 Rb7 62. Kg3 Rxb3+ 63. Kg4 c4 64. Bf6 Kg8 65. Kf5 Kh7 66. Ke6 c3 67. Kxd6
c2 68. Bg5 Rg3 69. Bc1 Rg1 70. Be3 Re1 71. Bg5 Rg1 72. Bd2 Rd1 73. Bg5 Rg1 1/2-1/2

[Event "Druzynowe Mistrzostwa Polski II Liga"]
[Site "Szklarska Poreba"]
[Date "1899-12-30"]
[Round "7.72"]
[White "Rykala, Monika"]
[Black "Mucha, Marta"]
[Result "1-0"]
[WhiteTitle "I++"]
[BlackTitle "I"]
[WhiteElo "1863"]
[BlackElo "1377"]

1. d4 d5 2. e3 Nf6 3. Bd3 c5 4. b3 Nc6 5. Bb2 Bg4 6. f3 Bh5 7. Ne2 e6 8. O-O cxd4
9. Nxd4 a6 10. Kh1 Bd6 11. c4 Qc7 12. Qe2 Bxh2 13. Nxc6 bxc6 14. g4 Bg6 15. Bxf6
gxf6 16. f4 Bg3 17. Kg2 h5 18. Kxg3 hxg4 19. Bxg6 fxg6 20. Qxg4 Kf7 21. Nc3 f5
22. Qf3 Qa5 23. Ne2 Rh5 24. Rh1 Rah8 25. Rxh5 gxh5 26. cxd5 cxd5 27. Kh3 Qd2 28.
Rc1 h4 29. Rc3 Rh6 30. a4 Rg6 31. Qh5 Qe1 32. Rc7+ Kf8 33. Qh8+ Rg8 34. Qf6+ 1-0

[Event "Druzynowe Mistrzostwa Polski II Liga"]
[Site "Szklarska Poreba"]
[Date "1899-12-30"]
[Round "7.73"]
[White "Zebracki, Tomasz"]
[Black "Dzierzak, Radoslaw"]
[Result "0-1"]
[WhiteTitle "k"]
[BlackTitle "I++"]
[WhiteElo "2188"]
[BlackElo "2251"]

1. e4 c6 2. c4 d5 3. exd5 cxd5 4. cxd5 Nf6 5. Qa4+ Nbd7 6. Nc3 g6 7. Nf3 Bg7 8.
Bc4 O-O 9. d3 a6 10. Qa3 b6 11. O-O Bb7 12. Ng5 Rc8 13. d6 exd6 14. Qxd6 b5 15.
Bd5 Nxd5 16. Nxd5 Bxd5 17. Qxd5 Nc5 18. Qf3 Nxd3 19. Be3 Nxb2 20. Qh3 h6 21. Ne4
Qd5 22. Qf3 Kh8 23. Rac1 Rc4 24. Nd2 Qxf3 25. Nxf3 Rfc8 26. h4 h5 27. Rb1 Na4
28. Rbd1 Nc3 29. Rd7 Kg8 30. g3 Nxa2 31. Rfd1 Bf6 32. Ra7 R4c6 33. Rdd7 b4 34.
Rxf7 b3 35. Bd4 b2 36. Bxf6 b1=Q+ 37. Kh2 Rxf6 38. Rxf6 Rf8 39. Rxf8+ Kxf8 40.
Rxa6 Nc3 41. Kg2 Qe4 42. Rf6+ Kg7 43. Rf4 Qc6 44. Kh2 Nd5 45. Nd4 Qb6 46. Re4
Kf7 47. Kg2 Qb7 48. Kh2 Qb1 49. Nf3 Qf1 50. Ng5+ Kg7 51. Ne6+ Kg8 52. Nf4 Nf6
0-1

[Event "Druzynowe Mistrzostwa Polski II Liga"]
[Site "Szklarska Poreba"]
[Date "1899-12-30"]
[Round "7.74"]
[White "Walter, Szymon"]
[Black "Paprocki, Jaroslaw"]
[Result "1/2-1/2"]
[WhiteTitle "k"]
[BlackTitle "k"]
[WhiteElo "2263"]
[BlackElo "2161"]

1. e4 e5 2. Nf3 Nc6 3. d4 exd4 4. Bc4 Nf6 5. e5 Ng4 6. Qe2 Qe7 7. Bf4 f6 8. exf6
Nxf6 9. Nbd2 d6 10. Nb3 Qxe2+ 11. Bxe2 Bg4 12. Nbxd4 Nxd4 13. Nxd4 Bxe2 14. Kxe2
Kd7 15. Rhe1 g6 16. Kd3 Bg7 17. Re2 Rhe8 18. c4 Ng4 19. Rd2 Rf8 20. Bg3 Rae8 21.
Rad1 Bh6 22. Re2 Rxe2 23. Kxe2 Re8+ 24. Kf1 b6 25. b3 Rf8 26. Ke2 Re8+ 27. Kf1
Rf8 28. Ke2 Re8+ 29. Kf1 Rf8 30. Ke2 Re8+ 1/2-1/2

[Event "Druzynowe Mistrzostwa Polski II Liga"]
[Site "Szklarska Poreba"]
[Date "1899-12-30"]
[Round "7.75"]
[White "Wisniewski, Przemyslaw"]
[Black "Faron, Rafal"]
[Result "0-1"]
[WhiteTitle "k"]
[BlackTitle "k"]
[WhiteElo "2010"]
[BlackElo "2115"]

1. Nf3 Nf6 2. d4 d5 3. Bf4 g6 4. e3 Bg7 5. Be2 O-O 6. h3 c5 7. c3 Nc6 8. Nbd2 Nd7
9. O-O e5 10. dxe5 Ndxe5 11. Nxe5 Nxe5 12. Nf3 Nxf3+ 13. Bxf3 d4 14. exd4 cxd4
15. cxd4 Bxd4 16. Bh6 Bg7 17. Bxg7 Kxg7 18. Qxd8 Rxd8 19. Rad1 Be6 20. b3 Rxd1
21. Rxd1 Rb8 22. Rc1 Rc8 23. Rxc8 Bxc8 24. Kf1 Kf6 25. Ke2 Ke5 26. Ke3 f5 27.
g3 g5 28. h4 gxh4 29. gxh4 f4+ 30. Kd3 Bf5+ 31. Kd2 Be4 32. Bg4 Kd4 33. Be6 Bc6
34. Bg8 h6 35. Bh7 Bd5 36. Bg6 b5 37. Be8 b4 38. Bd7 Be4 39. Be8 a5 40. Bd7 Bg6
41. Bc6 Bb1 42. Kc1 Be4 43. Bb5 Kc3 44. Be8 Bb7 45. Bd7 Kd3 46. Kd1 Bf3+ 47. Ke1
Kc2 48. Be6 Be4 49. Ke2 Kb2 50. Bf7 Kxa2 51. Kd2 Kb2 52. Ke2 Bc2 53. Kf3 Bxb3
0-1

[Event "Druzynowe Mistrzostwa Polski II Liga"]
[Site "Szklarska Poreba"]
[Date "1899-12-30"]
[Round "7.76"]
[White "Kastelik, Adrian"]
[Black "Rak, Tomasz"]
[Result "1/2-1/2"]
[WhiteTitle "I++"]
[BlackTitle "k"]
[WhiteElo "2168"]
[BlackElo "2051"]

1. e4 c5 2. c3 d5 3. exd5 Nf6 4. d4 cxd4 5. cxd4 g6 6. Nc3 Bg7 7. Bb5+ Nbd7 8.
d6 O-O 9. dxe7 Re8 10. Nge2 Rxe7 11. O-O a6 12. Ba4 b5 13. Bb3 Nb6 14. Bg5 Bb7
15. Qd2 Qe8 16. Nf4 b4 17. Nd1 a5 18. Bxf6 Bxf6 19. Ne3 Re4 20. Ne2 Bg5 21. Kh1
Bd5 22. Ng3 Bxe3 23. fxe3 Rxe3 24. Rae1 Rxe1 25. Rxe1 Qc6 26. Bxd5 Nxd5 27. Qg5
Re8 28. Rxe8+ Qxe8 29. h4 Qe1+ 30. Kh2 Ne3 31. h5 h6 32. Qd8+ Kg7 33. Qxa5 Ng4+
34. Kh3 Nf2+ 35. Kh2 1/2-1/2

[Event "Druzynowe Mistrzostwa Polski II Liga"]
[Site "Szklarska Poreba"]
[Date "1899-12-30"]
[Round "7.77"]
[White "Budnik, Mateusz"]
[Black "Wielek, Thomas"]
[Result "1-0"]
[WhiteTitle "I++"]
[BlackTitle "I"]
[WhiteElo "1935"]
[BlackElo "1803"]

1. e4 c5 2. Nf3 g6 3. d4 cxd4 4. Nxd4 Nc6 5. Nc3 Bg7 6. Be3 Nf6 7. f3 Qb6 8. Nf5
Qxb2 9. Nxg7+ Kf8 10. Na4 Qa3 11. c3 Qd6 12. Qxd6 exd6 13. Bh6 Ke7 14. g4 Rd8
15. h4 Ng8 16. g5 Ne5 17. Be2 Nxh6 18. gxh6 f6 19. h5 Rh8 20. Rg1 b5 21. Nb2 Kf7
22. Nd3 Nc6 23. Nf4 Ne5 24. Rd1 Bb7 25. Rxd6 Rac8 26. hxg6+ Ke7 27. Nf5+ 1-0

[Event "Druzynowe Mistrzostwa Polski II Liga"]
[Site "Szklarska Poreba"]
[Date "1899-12-30"]
[Round "7.78"]
[White "Binkowska, Agata"]
[Black "Borkowska, Zuzanna"]
[Result "1-0"]
[WhiteTitle "I++"]
[BlackTitle "I"]
[WhiteElo "1822"]
[BlackElo "1634"]

1. d4 Nf6 2. Bg5 e6 3. e3 d5 4. Bd3 c5 5. c3 c4 6. Bc2 Nc6 7. Nf3 Be7 8. Nbd2 O-O
9. O-O b5 10. Bb1 h6 11. Bf4 Bd6 12. Ne5 Qc7 13. Ndf3 Nd7 14. Nxc6 Qxc6 15. Ne5
Qc7 16. Qh5 f5 17. Ng6 Nf6 18. Qh4 Bxf4 19. exf4 Re8 20. Bc2 Bd7 21. f3 Qd8 22.
g4 Nh7 23. Qg3 Qf6 24. Ne5 Bc8 25. Rae1 Rd8 26. h4 g5 27. fxg5 hxg5 28. gxf5 exf5
29. hxg5 Qxg5 30. Qxg5+ Nxg5 31. Nc6 Rf8 32. Ne7+ Kg7 33. Nxd5 Bb7 34. f4 Nh3+
35. Kh2 Bxd5 36. Kxh3 Rh8+ 37. Kg3 Kf6 38. Bxf5 Kxf5 39. Re5+ Kf6 40. Rxd5 Rag8+
41. Kf3 Rb8 42. Rf2 Rh3+ 43. Ke4 Rh1 44. Rd6+ Ke7 45. Rg6 Kf7 46. Rfg2 Rh7 47.
Kd5 Rb7 48. f5 Rb8 49. b3 cxb3 50. axb3 a5 51. c4 bxc4 52. bxc4 Ra8 53. c5 Rh4
54. Ke5 Rh7 55. c6 a4 56. Rf6+ Ke7 57. Re6+ Kf7 58. c7 Rc8 59. Kd6 Rhh8 60. f6
a3 61. Rg7+ Kf8 62. Rge7 a2 63. Re8+ Kf7 64. R8e7+ Kg6 65. f7+ Kg7 66. Re1 Ra8
67. Kd7 a1=Q 68. Rxa1 Rxa1 69. f8=Q+ 1-0

[Event "Druzynowe Mistrzostwa Polski II Liga"]
[Site "Szklarska Poreba"]
[Date "1899-12-30"]
[Round "7.79"]
[White "Stysiak, Szymon"]
[Black "Karwowski, Kacper"]
[Result "1-0"]
[WhiteTitle "k"]
[BlackTitle "k"]
[WhiteElo "2191"]
[BlackElo "2238"]

1. d4 Nf6 2. c4 e6 3. Nf3 b6 4. g3 Ba6 5. b3 b5 6. Bg2 bxc4 7. Ne5 c6 8. bxc4 Qc7
9. Qa4 d5 10. Nc3 Bd6 11. Bf4 g5 12. c5 gxf4 13. cxd6 Qxd6 14. Rb1 f3 15. Bxf3
Bc8 16. O-O Nfd7 17. Nd3 O-O 18. e4 Ba6 19. Rfd1 Nb6 20. Qc2 Bxd3 21. Rxd3 N8d7
22. Qc1 Qe7 23. Ne2 Rac8 24. Rc3 dxe4 25. Bxe4 c5 26. Qh6 f5 27. Bb7 Rb8 28. Ba6
Nd5 29. Rcb3 Rxb3 30. Rxb3 Nc7 31. Bd3 cxd4 32. Nxd4 Ne5 33. Be2 Rd8 34. Qe3 Qf6
35. Rb7 Nd5 36. Qb3 Nf7 37. Nc6 Rc8 38. Rb8 Rxb8 39. Qxb8+ Kg7 40. Qxa7 Kg6 41.
Bf3 Nc3 42. Kg2 e5 43. Qc5 Ne4 44. Bxe4 fxe4 45. Qc3 Qe6 46. a4 Kf6 47. a5 Qd5
48. Nb4 Qxa5 49. Qc6+ Kg7 50. Qxe4 Qb6 51. Nc6 Qc5 52. h4 Qd6 53. Nb4 Qe6 54.
Nd3 Qf6 55. Qd5 Kf8 56. Nc5 Kg8 57. Ne4 Qd8 58. Qe6 Qd3 59. Ng5 Qg6 60. Qxf7+
Qxf7 61. Nxf7 Kxf7 62. Kf3 Kf6 63. Ke4 h5 64. f3 Ke6 65. g4 hxg4 66. fxg4 Kf6
67. g5+ Ke6 68. h5 Kd5+ 1-0

[Event "Druzynowe Mistrzostwa Polski II Liga"]
[Site "Szklarska Poreba"]
[Date "1899-12-30"]
[Round "7.80"]
[White "Sapis, Witalis"]
[Black "Kaminski, Piotr"]
[Result "1-0"]
[WhiteTitle "IM"]
[BlackTitle "k"]
[WhiteElo "2388"]
[BlackElo "2129"]

1. d4 d6 2. g3 g6 3. Bg2 Bg7 4. Nf3 Nd7 5. e4 e5 6. O-O Ne7 7. a4 O-O 8. Na3 exd4
9. Nxd4 Nc5 10. c3 a5 11. Bg5 h6 12. Be3 Bd7 13. Nab5 Kh7 14. Re1 Ne6 15. f4 Nc8
16. e5 Nxd4 17. Bxd4 dxe5 18. Bxe5 Bxe5 19. Rxe5 c6 20. Nd4 Qb6 21. Qb3 Qc7 22.
Rae1 Nd6 23. c4 c5 24. Nb5 Bxb5 25. cxb5 Rae8 26. b6 Qd8 27. Rd1 Qf6 28. Rxd6
Qxd6 29. Rxe8 c4 30. Qe3 Rxe8 31. Qxe8 Qd1+ 32. Kf2 Qd4+ 33. Kf3 Qd1+ 34. Qe2
Qb3+ 35. Kf2 Qxb6+ 36. Kf1 Qb3 37. Bd5 Qxa4 38. Bxc4 Qc6 39. Ke1 Kg8 40. Bd3 Qc1+
41. Kf2 Qh1 42. Ke3 Qc1+ 43. Kd4 b6 44. Bc4 Qg1+ 45. Kc3 Kf8 46. Qd2 Ke7 47. Qd5
Qxh2 48. Qxf7+ Kd8 49. Qxg6 Qg1 50. Qd6+ Ke8 51. Qe5+ Kf8 52. Qf6+ Ke8 53. Bb5#
1-0

[Event "Druzynowe Mistrzostwa Polski II Liga"]
[Site "Szklarska Poreba"]
[Date "1899-12-30"]
[Round "7.81"]
[White "Szmyd, Arkadiusz"]
[Black "Rudnicki, Milosz"]
[Result "0-1"]
[WhiteTitle "k"]
[BlackTitle "k"]
[WhiteElo "2136"]
[BlackElo "2164"]

1. e4 c5 2. Nf3 Nc6 3. d4 cxd4 4. Nxd4 g6 5. c4 Bg7 6. Nc2 d6 7. Be2 Qb6 8. Nc3
Bxc3+ 9. bxc3 Nf6 10. f3 Be6 11. Ne3 Rc8 12. Qb3 Na5 13. Qxb6 axb6 14. Nd5 Nxc4
15. Bxc4 Rxc4 16. Nxf6+ exf6 17. Bd2 f5 18. exf5 Bxf5 19. O-O Kd7 20. Rfe1 Ra8
21. a3 Ra5 22. Re2 h5 23. h3 Rb5 24. Be1 Rb3 25. a4 Rc5 26. Raa2 Be6 27. Rab2
Kc6 28. Rxb3 Bxb3 29. Re4 Ra5 30. Rb4 Bxa4 31. Bf2 b5 32. Bg3 Ra6 33. Bf2 Bc2
34. Rb2 Bd3 35. Bd4 Kd5 36. Kf2 Ra4 37. Ke3 Bc4 38. g4 Ra8 39. Kf4 hxg4 40. fxg4
Re8 41. h4 Re4+ 42. Kf3 Bd3 43. Rd2 Kc4 44. Rb2 Re6 45. Bg7 f5 46. Rb4+ Kc5 47.
gxf5 Bxf5 48. Kf4 Bd3 49. Rd4 Bc2 50. Kg5 Bb3 51. Bf6 Bc2 52. Bg7 Kc6 53. Rd2
Bb1 54. Rd1 Be4 55. Rd4 d5 56. Rb4 Re8 57. Rb2 Kc5 58. Bd4+ Kc6 59. Rf2 Re6 60.
Rb2 Re7 61. h5 gxh5 62. Kxh5 Rf7 63. Kg5 Rf1 64. Kg4 Bf5+ 65. Kg5 Bd3 66. Rf2
Rg1+ 67. Kf4 Re1 68. Rb2 Kd6 69. Rh2 b4 70. Rh6+ Kd7 71. Rb6 bxc3 72. Bxc3 Re4+
73. Kf3 Be2+ 74. Kf2 Ba6 75. Kf3 Kc8 76. Rd6 Be2+ 77. Kf2 Bc4 78. Ba5 b5 79. Bc3
Kc7 80. Rh6 d4 81. Ba5+ Kd7 82. Bb4 Re2+ 83. Kf3 d3 84. Rd6+ Kc7 85. Rd4 Rb2 86.
Bc3 Rb3 87. Ba5+ Kc6 88. Ke3 Kc5 89. Bd2 Rb1 90. Rd8 Rh1 91. Rc8+ Kd5 92. Rd8+
Ke5 93. Re8+ Kf5 94. Kd4 Rb1 95. Re1 Rb2 96. Bc3 Rc2 97. Rd1 Kf4 98. Rd2 Kf3 99.
Rd1 Ke2 100. Re1+ Kf2 101. Rd1 Ra2 102. Bb4 Rb2 103. Bc3 Re2 104. Rh1 Rc2 105.
Rd1 Kf3 106. Rf1+ Rf2 107. Rd1 Rh2 108. Rf1+ Ke2 109. Re1+ Kf2 110. Rd1 Rh4+ 111.
Kc5 Re4 112. Rd2+ Kf3 113. Rd1 Kf2 114. Rd2+ Ke3 115. Rd1 Rh4 116. Re1+ Kf2 117.
Rd1 Rg4 118. Rb1 Rg5+ 119. Kd4 Rd5+ 120. Ke4 d2 121. Rb2 Ke2 122. Bb4 Rd3 123.
Ba5 Kd1 0-1

[Event "Druzynowe Mistrzostwa Polski II Liga"]
[Site "Szklarska Poreba"]
[Date "1899-12-30"]
[Round "7.82"]
[White "Gosciniak, Bartlomiej"]
[Black "Knopik, Krzysztof"]
[Result "0-1"]
[WhiteTitle "I"]
[BlackTitle "k"]
[WhiteElo "1905"]
[BlackElo "2098"]

1. d4 Nf6 2. c4 e5 3. d5 Bc5 4. e3 d6 5. Be2 O-O 6. Nf3 h6 7. O-O Bf5 8. a3 a5
9. Nc3 Nbd7 10. b3 Ne4 11. Nxe4 Bxe4 12. Bb2 Bg6 13. Qd2 Qe7 14. b4 Bb6 15. Qc3
f6 16. Kh1 Bh7 17. Bd1 axb4 18. axb4 Rxa1 19. Bxa1 Ra8 20. Bc2 Bxc2 21. Qxc2 Qe8
22. Nd2 Ra6 23. Nb3 Qa8 24. Bb2 Ra2 25. Rb1 Qa7 26. h3 Kf7 27. Kh2 Ra4 28. Qc3
c6 29. Rd1 c5 30. b5 Ba5 31. Qd3 Ra2 32. Rb1 Nf8 33. f4 exf4 34. exf4 Bb4 35.
Nc1 Ra4 36. Ne2 Qa8 37. Ng3 Qd8 38. Rc1 Qd7 39. Rc2 Ra8 40. Nf5 Re8 41. Re2 Rxe2
42. Qxe2 Qxf5 0-1

[Event "Druzynowe Mistrzostwa Polski II Liga"]
[Site "Szklarska Poreba"]
[Date "1899-12-30"]
[Round "7.83"]
[White "Ociepka, Tomasz"]
[Black "Kowalski, Maciej"]
[Result "0-1"]
[WhiteTitle "I+"]
[BlackTitle "k"]
[WhiteElo "1899"]
[BlackElo "2060"]

1. e4 c5 2. Nf3 Nc6 3. d4 cxd4 4. Nxd4 Nf6 5. Nc3 d6 6. Be2 e6 7. O-O Be7 8. Be3
O-O 9. f4 Qc7 10. Qe1 a6 11. Qg3 Na5 12. e5 Ne8 13. Ne4 Nc4 14. Bxc4 Qxc4 15.
Rad1 Qc7 16. f5 exf5 17. Nxf5 Bxf5 18. Rxf5 Qxc2 19. Qg4 dxe5 20. Rd7 Rd8 21.
Rf2 Qc8 22. Rfd2 f5 23. Rxd8 Bxd8 24. Qd1 Be7 25. Qb3+ Kh8 26. Ng5 f4 27. Rc2
Qf5 28. Ne6 fxe3 29. Nxf8 e2 30. Rc1 Bc5+ 31. Kh1 Qf1+ 32. Rxf1 exf1=Q# 0-1

[Event "Druzynowe Mistrzostwa Polski II Liga"]
[Site "Szklarska Poreba"]
[Date "1899-12-30"]
[Round "7.84"]
[White "Gosciniak, Maria"]
[Black "Gonsior, Monika"]
[Result "0-1"]
[WhiteTitle "WFM"]
[BlackTitle "m"]
[WhiteElo "2070"]
[BlackElo "1974"]

1. e4 e6 2. d4 b6 3. f4 Bb7 4. Bd3 c5 5. c3 cxd4 6. cxd4 Bb4+ 7. Nc3 f5 8. Qe2
Qh4+ 9. g3 Qe7 10. Nf3 fxe4 11. Bxe4 Nc6 12. a3 Bxc3+ 13. bxc3 Nf6 14. Bc2 Rc8
15. O-O O-O 16. a4 Na5 17. Ba3 d6 18. Bb4 Bd5 19. Ng5 Nb7 20. Rac1 Rfe8 21. Rfe1
Rc7 22. Bd3 Nd8 23. c4 Bb7 24. Qc2 h6 25. Ne4 Nxe4 26. Bxe4 Qf6 27. Qd3 d5 28.
cxd5 Rxc1 29. Rxc1 exd5 30. Bf3 Ne6 31. Rd1 Bc6 32. a5 Nc7 33. axb6 axb6 34. Rc1
Nb5 35. Rd1 Nd6 36. Qa6 Nc4 37. Qa1 Re3 38. Kf2 Qe6 39. Re1 Qh3 40. Rh1 Rb3 41.
Qe1 Rb2+ 42. Kg1 Qf5 43. Qe7 Qd3 44. Qe6+ Kh7 45. Bc3 Ne3 0-1

[Event "Druzynowe Mistrzostwa Polski II Liga"]
[Site "Szklarska Poreba"]
[Date "1899-12-30"]
[Round "7.85"]
[White "Gierulski, Kamil"]
[Black "Brzezinski, Mateusz"]
[Result "0-1"]
[WhiteTitle "k+"]
[BlackTitle "k"]
[WhiteElo "2219"]
[BlackElo "2119"]

1. d4 e6 2. e4 d5 3. Nd2 c5 4. exd5 Qxd5 5. dxc5 Bxc5 6. Ngf3 Nf6 7. Bc4 Qc6 8.
O-O b5 9. Bd3 Bb7 10. Qe2 a6 11. Re1 O-O 12. Nb3 Bb6 13. Bd2 Nbd7 14. Bc3 Nd5
15. Bd2 N5f6 16. Rad1 Nc5 17. Nxc5 Bxc5 18. Bc3 Be7 19. Qe5 Rfd8 20. Qg3 b4 21.
Be5 Qc5 22. Re3 Rd5 23. Ng5 Bd6 24. Bxd6 Qxd6 25. Nxh7 Ne8 26. Qh4 Rd4 27. Qg5
Be4 28. Qh5 Bg6 29. Qf3 Rd8 30. Ng5 Nf6 31. Qg3 Qc5 32. Nf3 R4d5 33. Qf4 Qa5 34.
Qc4 Rc5 35. Qb3 Be4 36. Rde1 Bd5 37. c4 bxc3 38. Qc2 cxb2 39. Qxb2 Bxf3 0-1

[Event "Druzynowe Mistrzostwa Polski II Liga"]
[Site "Szklarska Poreba"]
[Date "1899-12-30"]
[Round "7.86"]
[White "Kujawski, Adam"]
[Black "Ziemniak, Piotr"]
[Result "0-1"]
[WhiteTitle "k"]
[BlackTitle "I"]
[WhiteElo "2245"]
[BlackElo "1801"]

1. e4 c5 2. Nf3 d6 3. d4 cxd4 4. Nxd4 Nf6 5. Nc3 a6 6. Bg5 e6 7. f4 Be7 8. Qf3
Qc7 9. O-O-O Nbd7 10. g4 b5 11. Bxf6 gxf6 12. Bd3 b4 13. Nce2 Nc5 14. Kb1 Bb7
15. Nb3 a5 16. Nxc5 Qxc5 17. f5 e5 18. c3 Kd7 19. Rc1 Rhb8 20. Rc2 Qb6 21. Bc4
a4 22. cxb4 a3 23. b3 Qxb4 24. Rd1 Ra5 25. g5 Rc5 26. gxf6 Rxc4 27. Rxc4 Qxc4
28. Nc3 Bxf6 29. Rxd6+ Kxd6 30. Qd1+ Bd5 31. Kc2 Rxb3 0-1

[Event "Druzynowe Mistrzostwa Polski II Liga"]
[Site "Szklarska Poreba"]
[Date "1899-12-30"]
[Round "7.87"]
[White "Wozniak, Grzegorz"]
[Black "Gralka, Przemyslaw"]
[Result "0-1"]
[WhiteTitle "I"]
[BlackTitle "k"]
[WhiteElo "1694"]
[BlackElo "2221"]

1. Nf3 d5 2. d4 Nf6 3. e3 c5 4. c3 Nbd7 5. Bd3 g6 6. Nbd2 Bg7 7. O-O O-O 8. e4
dxe4 9. Nxe4 Nxe4 10. Bxe4 cxd4 11. Nxd4 Nc5 12. Bc2 e5 13. Nb3 Qc7 14. Nxc5 Qxc5
15. Be3 Qc6 16. Bb3 Be6 17. Bxe6 Qxe6 18. Qa4 Rfd8 19. Rad1 a6 20. Qa5 Rd6 21.
Qc7 Rxd1 22. Rxd1 Qxa2 23. Qxb7 Re8 24. h3 Bf8 25. Qb6 Kg7 26. f4 Re6 27. Qb8
Qa4 28. Rd8 Qe4 29. Bf2 Be7 30. Rg8+ Kh6 31. fxe5 Rxe5 32. Bg3 Rf5 33. Qc7 Bc5+
34. Kh2 Qe3 35. h4 Rf1 0-1

[Event "Druzynowe Mistrzostwa Polski II Liga"]
[Site "Szklarska Poreba"]
[Date "1899-12-30"]
[Round "7.88"]
[White "Mazalon, Mariusz"]
[Black "Nowakowski, Jacek"]
[Result "1-0"]
[WhiteTitle "k"]
[BlackTitle "II+"]
[WhiteElo "2066"]
[BlackElo "1583"]

1. Nf3 d5 2. g3 Nf6 3. Bg2 Nc6 4. d3 Bg4 5. Nbd2 e5 6. h3 Bf5 7. a3 Qd7 8. b4 a6
9. Bb2 Bd6 10. e3 e4 11. dxe4 dxe4 12. Nh4 Be5 13. Bxe5 Nxe5 14. g4 Bg6 15. Nxg6
hxg6 16. Nxe4 Nxe4 17. Qxd7+ Nxd7 18. Bxe4 O-O-O 19. Ke2 Nf6 20. Bg2 g5 21. Rad1
c6 22. Rxd8+ Rxd8 23. Rd1 Rxd1 24. Kxd1 Kd7 25. Kd2 Kd6 26. Kd3 Nd7 27. f4 gxf4
28. exf4 Ke6 29. c4 f6 30. Be4 Nb8 31. c5 Nd7 32. h4 Nf8 33. h5 Kd7 34. Bf5+ Kc7
35. g5 fxg5 36. fxg5 b6 37. Kd4 bxc5+ 38. bxc5 Kd8 39. Ke5 Ke7 40. g6 Nd7+ 41.
Bxd7 Kxd7 42. h6 1-0

[Event "Druzynowe Mistrzostwa Polski II Liga"]
[Site "Szklarska Poreba"]
[Date "1899-12-30"]
[Round "7.89"]
[White "Augustyn, Jan"]
[Black "Stoppel, Mariusz"]
[Result "1/2-1/2"]
[WhiteTitle "II"]
[BlackTitle "I+"]
[WhiteElo "1728"]
[BlackElo "2027"]

1. e4 c5 2. Nf3 e6 3. g3 Nc6 4. Bg2 d5 5. exd5 exd5 6. O-O Be7 7. d4 Nf6 8. Nc3
O-O 9. Bg5 Bf5 10. dxc5 d4 11. Nh4 Bg4 12. f3 dxc3 13. Qxd8 Raxd8 14. Bxf6 Bxf6
15. fxg4 cxb2 16. Rab1 Rd2 17. Be4 Re8 18. Nf3 Rdd8 19. g5 Bc3 20. Bd3 g6 21.
a3 Kg7 22. Bc4 Rd7 23. Ne1 Ne5 24. Bb5 Nc6 25. Nd3 Re2 26. Nxb2 Rxc2 27. Nc4 Re7
28. Rbc1 Bd4+ 29. Kh1 Rxc1 30. Rxc1 Bxc5 31. Bxc6 bxc6 32. a4 Bb4 33. Rc2 a5 34.
Kg2 Re1 35. h4 f5 36. Nb2 Re3 37. Kf2 Rb3 38. Re2 Rc3 39. Kg2 Kf7 40. Kf2 Bd6
41. Ke1 Rxg3 42. Nc4 Bb4+ 43. Kd1 Rd3+ 44. Kc1 Rc3+ 45. Rc2 Rxc2+ 46. Kxc2 Ke6
47. Kd3 Be1 48. Ke2 Bc3 49. Kd3 Be1 50. Ke2 Bxh4 51. Nxa5 Bxg5 52. Nb7 1/2-1/2

[Event "Druzynowe Mistrzostwa Polski II Liga"]
[Site "Szklarska Poreba"]
[Date "1899-12-30"]
[Round "7.90"]
[White "Mackiewicz, Anna"]
[Black "Polak, Sylwia"]
[Result "0-1"]
[WhiteTitle "k+"]
[BlackTitle "I"]
[WhiteElo "1945"]
[BlackElo "1371"]

1. d4 d5 2. c4 c6 3. Nf3 Nf6 4. Nc3 e6 5. Bg5 Be7 6. e3 Nbd7 7. Rc1 O-O 8. Bd3
h6 9. Bh4 c5 10. O-O b6 11. cxd5 Nxd5 12. Bxe7 Nxe7 13. Be4 Rb8 14. Qe2 Nf5 15.
Rfd1 Qf6 16. Bc6 cxd4 17. Nxd4 Ne5 18. Ne4 Qe7 19. Nb5 Ba6 20. Ng3 Nxg3 21. hxg3
Nxc6 22. Rxc6 Qb4 23. Rc7 Bxb5 24. Qh5 Rbc8 25. Rdc1 Rxc7 26. Rxc7 Qe1+ 27. Kh2
Be2 28. f3 Qd2 29. Rxa7 Qxb2 30. a4 Bf1 31. Kh3 Qxg2+ 32. Kh4 Qh3# 0-1